Библиографический указатель книг и статей, относящихся до учреждений краткосрочного и долгосрочного кредита для сельского населения, артелей, обществ потребителей, обществ взаимного вспомоществования, похоронных касс, положения рабочего класса и мелкой кустарной промышленности в России, 8-е прибавление, сост. Н.В. Гавриловым (Запись № 4102146)

Подробности
000 -МАРКЕР
контрольное поле 02016nam0a22002771 4500
001 - ИДЕНТИФИКАТОР ЗАПИСИ
контрольное поле v19\rc\1264903
005 - ИДЕНТИФИКАТОР ВЕРСИИ
контрольное поле 20250618002634.0
035 ## - ДРУГИЕ СИСТЕМНЫЕ НОМЕРА
Идентификатор записи (NLR Aleph) 004418403
100 ## - ДАННЫЕ ОБЩЕЙ ОБРАБОТКИ
Данные общей обработки 20060306e18941894|||y0rusy50 ca
101 0# - ЯЗЫК РЕСУРСА
Язык текста, звукозаписи и т.д. русский
102 ## - СТРАНА ПУБЛИКАЦИИ ИЛИ ПРОИЗВОДСТВА
Страна публикации Российская Федерация
105 ## - ПОЛЕ КОДИРОВАННЫХ ДАННЫХ: ТЕКСТОВЫЕ МАТЕРИАЛЫ, МОНОГРАФИЧЕСКИЕ
Кодированные данные о монографическом текстовом документе y ac |||||
200 1# - ЗАГЛАВИЕ И СВЕДЕНИЯ ОБ ОТВЕТСТВЕННОСТИ
Основное заглавие Библиографический указатель книг и статей, относящихся до учреждений краткосрочного и долгосрочного кредита для сельского населения, артелей, обществ потребителей, обществ взаимного вспомоществования, похоронных касс, положения рабочего класса и мелкой кустарной промышленности в России, 8-е прибавление, сост. Н.В. Гавриловым
210 ## - ПУБЛИКАЦИЯ, РАСПРОСТРАНЕНИЕ И ДР.
Место издания, распространения и т.д. Санкт-Петербург
Имя издателя, распространителя и т. д. тип. И.Н. Скороходова
Дата издания, распространения и т.д. [1894]
215 ## - ФИЗИЧЕСКАЯ ХАРАКТЕРИСТИКА
Специфическое обозначение материала и объем 29 с.
Размеры 25
309 ## - ПРИМЕЧАНИЯ ОБ ОСНОВНОМ ИСТОЧНИКЕ ИНФОРМАЦИИ И ОБ ОСОБЕННОСТЯХ ПОЛИГРАФИЧЕСКОГО ОФОРМЛЕНИЯ ИЗДАНИЯ
Текст примечания Без тит. л. и обл.
311 ## - ПРИМЕЧАНИЯ, ОТНОСЯЩИЕСЯ К ПОЛЯМ СВЯЗИ (ПРИМЕЧАНИЯ О СВЯЗИ С ДРУГИМИ ПРОИЗВЕДЕНИЯМИ (ИЗДАНИЯМИ))
Текст примечания Из 7-го вып. "Сообщений Спб., отд-ния Ком. о сельск. ссудо-сберегат. и пром. товариществах"
488 #0 - ДРУГИЕ ВЗАИМОСВЯЗАННЫЕ ПРОИЗВЕДЕНИЯ (ДОКУМЕНТЫ)
Встроенное поле 2001#$aСообщения Санкт-Петербургского отделения Комитета о сельских ссудо-сберегательных и промышленных товариществах$vВып. 7
Заглавие Сообщения Санкт-Петербургского отделения Комитета о сельских ссудо-сберегательных и промышленных товариществах
700 #1 - ИМЯ ЛИЦА - ПЕРВИЧНАЯ ОТВЕТСТВЕННОСТЬ
Код отношения Составитель
Графика поля Кириллица
Материалы, к которым относится поле rus
Начальный элемент ввода Гаврилов
Часть имени, кроме начального элемента ввода Н. В.
Дополнения к именам, кроме дат библиограф
Даты 1858-
Расширение инициалов личного имени Николай Васильевич
Системный номер авторитетной/нормативной записи 184178
Идентификатор авторитетной/нормативной записи RU\NLR\AUTH\770184229
801 #0 - ИСТОЧНИК ЗАПИСИ
Страна Российская Федерация
Организация NLR
Правила каталогизации psbo
801 #1 - ИСТОЧНИК ЗАПИСИ
Страна Российская Федерация
Организация ProSoft-M
Источник данных rusmarc
852 ## - МЕСТОНАХОЖДЕНИЕ И ШИФР ХРАНЕНИЯ
Идентификатор организации NLR
Наименование фонда или коллекции (Sub-Location Identifier) С
Шифр хранения (Call Number) 771-420/Б59
942 ## - ДОПОЛНИТЕЛЬНЫЕ ЭЛЕМЕНТЫ ЗАПИСИ (АБИС)
Тип экземпляра АБИС Книга
980 ## - КОЛЛЕКЦИЯ
Название коллекции Национальная библиография
Экземпляры
Тип экземпляра Дата поступления Библиотека постоянного хранения Библиотека текущего хранения Место хранения Шифр хранения Штрих-код Статус экземпляра
Книга 26.10.2013 РНБ (Московский) РНБ (Московский) Центральная справочная библиотека С 771-420/Б59 4418403-10